Oeuvres Complétes de Cervantés Le Don Quichotte (Record no. 2810)
[ view plain ]
| 000 -CABECERA | |
|---|---|
| campo de control de longitud fija | 01887nam a2200325 a 4500 |
| 001 - NÚMERO DE CONTROL | |
| campo de control | BRCA_3074 |
| 005 - FECHA Y HORA DE LA ÚLTIMA TRANSACCIÓN | |
| campo de control | 20190320204110.0 |
| 008 - DATOS DE LONGITUD FIJA--INFORMACIÓN GENERAL | |
| campo de control de longitud fija | 270109s1821----fr-a---###---#000-0#fre-u |
| 041 ## - CÓDIGO DE LENGUA | |
| Código de lengua del texto/banda sonora o título independiente | fre |
| 044 ## - CÓDIGO DEL PAÍS DE LA ENTIDAD EDITORA/PRODUCTORA | |
| Código MARC del país | fr |
| 084 ## - OTRO NÚMERO DE CLASIFICACIÓN | |
| Número de clasificación | 381 |
| Número de documento/Ítem | .M47 |
| -- | 1821 |
| 100 1# - ENTRADA PRINCIPAL--NOMBRE DE PERSONA | |
| Nombre de persona | Cervantes Saavedra, Miguel de |
| Fechas asociadas al nombre | 1547-1616 |
| 9 (RLIN) | 213 |
| 245 10 - MENCIÓN DE TÍTULO | |
| Título | Oeuvres Complétes de Cervantés Le Don Quichotte |
| Mención de responsabilidad, etc. | Miguel de Cervantes Saavedra ; Traduites de L´Espagnol par H. Bouchon Dubournial. |
| 260 ## - PUBLICACIÓN, DISTRIBUCIÓN, ETC. | |
| Lugar de publicación, distribución, etc. | París |
| Nombre del editor, distribuidor, etc. | Méquignon-Marvis |
| Fecha de publicación, distribución, etc. | 1821 |
| 300 ## - DESCRIPCIÓN FÍSICA | |
| Extensión | 4 v. |
| Otras características físicas | il. |
| Dimensiones | 22 cm. |
| 440 #0 - MENCIÓN DE SERIE/PUNTO DE ACCESO ADICIONAL--TÍTULO | |
| Título | Oeuvres Complétes de Cervantés |
| Número de parte o sección de la obra | 6-9 |
| 9 (RLIN) | 8401 |
| 500 ## - NOTA GENERAL | |
| Nota general | Contenido : v 1. Primera parte. Nota del editor. Prefacio del traductor. Prólogo del autor. Notas. Texto. -- v 2. Texto. Notas. -- v 3. Segunda parte. Notas. Texto. -- v 4. Notas. Mapa. Texto |
| 500 ## - NOTA GENERAL | |
| Nota general | Edición similar a la parisiense de 1807-08, del mismo traductor. Éste aumentó en ella su prefacio con un largo paralelo entre la Iliada y el Quijote, sacado del trabajo de Vicente de los Ríos pero suprimió en ésta la Vida de Cervantes que figuraba en aquélla. También revisó Dubournial su primera traducción a la que añadió nuevas notas y varias poesías. Es una bella edición impresa con hermosos tipos y de buen cuerpo. Las láminas están grabadas en acero sobre los dibujos de H. Vernet y E. Lamie Lúdovik Osterc |
| 500 ## - NOTA GENERAL | |
| Nota general | Con ex-libris de : Bibliothèque de Fr, Jos. Moreau |
| 500 ## - NOTA GENERAL | |
| Nota general | QM302 |
| 546 ## - NOTA DE LENGUA/LENGUAJE | |
| Nota de lengua/lenguaje | Texto en : francés |
| 650 14 - PUNTO DE ACCESO ADICIONAL DE MATERIA--TÉRMINO DE MATERIA | |
| Término de materia o nombre geográfico como elemento de entrada | Novela española |
| Subdivisión cronológica | Época clásica, 1500-1700 |
| 9 (RLIN) | 215 |
| 650 14 - PUNTO DE ACCESO ADICIONAL DE MATERIA--TÉRMINO DE MATERIA | |
| Término de materia o nombre geográfico como elemento de entrada | Literatura española |
| Subdivisión cronológica | Época clásica, 1500-1700 |
| 9 (RLIN) | 216 |
| 650 14 - PUNTO DE ACCESO ADICIONAL DE MATERIA--TÉRMINO DE MATERIA | |
| Término de materia o nombre geográfico como elemento de entrada | Novela española |
| Subdivisión cronológica | Siglo XVII |
| 9 (RLIN) | 217 |
| 650 14 - PUNTO DE ACCESO ADICIONAL DE MATERIA--TÉRMINO DE MATERIA | |
| Término de materia o nombre geográfico como elemento de entrada | Don Quijote (Personaje ficticio) |
| Término indicativo de función/relación | Novela |
| 9 (RLIN) | 218 |
| 700 1# - PUNTO DE ACCESO ADICIONAL--NOMBRE DE PERSONA | |
| Nombre de persona | Bouchon Dubournial, Henri |
| Fechas asociadas al nombre | 1749-1828 |
| Término indicativo de función/relación | Traductor |
| 9 (RLIN) | 8402 |
| 740 0# - PUNTO DE ACCESO ADICIONAL--TÍTULO RELACIONADO O ANALÍTICO NO CONTROLADO | |
| Título relacionado o analítico no controlado | El Ingenioso Hidalgo Don Quijote de la Mancha |
| 902 ## - CATALOGADOR | |
| Iniciales | QFM |
| 942 ## - ELEMENTOS DE PUNTO DE ACCESO ADICIONAL (KOHA) | |
| Fuente del sistema de clasificación o colocación | Library of Congress Classification |
| Tipo de ítem Koha | Libros |
| Estado de retiro | Estado de pérdida | Estado dañado | No para préstamo | Localización permanente | Ubicación/localización actual | Fecha de adquisición | Número de inventario | Total de préstamos | Signatura topográfica completa | Código de barras | Fecha visto por última vez | Precio válido a partir de | Tipo de ítem Koha |
|---|---|---|---|---|---|---|---|---|---|---|---|---|---|
| El ejemplar forma parte de la colección y puede ser consultado según las políticas vigentes. | Biblioteca del Museo Franz Mayer (Rogerio Casas-Alatriste) | Biblioteca del Museo Franz Mayer (Rogerio Casas-Alatriste) | 27/01/2009 | QM302 | 381 .M47 1821 (QM302) | 3071 | 22/03/2019 | 22/03/2019 | Libros |